[Event "Ghent Taminco op 39th"]
[Site "Ghent"]
[Date "2016.07.19"]
[Round "7"]
[White "Barendse, Ted"]
[Black "Djuric, Stefan"]
[Result "0-1"]
[WhiteElo "2208"]
[BlackElo "2420"]
[PlyCount "122"]
[EventDate "2016.07.16"]
[EventType "swiss"]
[EventRounds "9"]
[EventCountry "BEL"]
[SourceTitle "CBM 173 Extra"]
[Source "ChessBase"]
[SourceDate "2016.08.29"]
[SourceVersion "1"]
[SourceVersionDate "2016.08.29"]
[SourceQuality "1"]

1. e4 e5 2. Nf3 Nc6 3. Bb5 a6 4. Ba4 Nf6 5. 0-0 Be7 6. Re1 b5 7. Bb3 0-0 8. h3 d6 9. c3 h6 10. d4 Re8 11. Nbd2 Bf8 12. Bc2 Bd7 13. Nf1 g6 14. a4 exd4 15. cxd4 Nb4 16. Bb1 bxa4 17. Ng3 Bg7 18. Ra3 Rb8 19. Bf4 Nh7 20. Qd2 h5 21. Bh6 h4 22. Ne2 Nc6 23. Bxg7 Kxg7 24. Nc3 Na5 25. Bd3 Nb3 26. Qf4 c5 27. Bc4 Qf6 28. Qxf6+ Nxf6 29. e5 Nh5 30. Bxb3 Rxb3 31. Rxb3 axb3 32. dxc5 dxc5 33. Ne4 Bc6 34. Nxc5 Bxf3 35. gxf3 Nf4 36. Kh2 Rc8 37. Rc1 Kh6 38. Nxb3 Rb8 39. Nc5 Rxb2 40. Ne4 Nd3 41. Rc3 Nxf2 42. Nxf2 Rxf2+ 43. Kg1 Re2 44. Ra3 Kg5 45. Ra4 Rb2 46. Rg4+ Kf5 47. Rxh4 Ra2 48. f4 Ra4 49. Rh7 Ke6 50. f5+ gxf5 51. Kf2 Kxe5 52. Rxf7 Kf4 53. h4 Ra2+ 54. Ke1 Ke3 55. Re7+ Kf3 56. h5 Rh2 57. Ra7 f4 58. Rxa6 Rh1+ 59. Kd2 Rxh5 60. Re6 Ra5 61. Rh6 Re5 0-1

[Event "Ghent Taminco op 39th"]
[Site "Ghent"]
[Date "2016.07.18"]
[Round "6"]
[White "Froeyman, Helmut"]
[Black "Barendse, Ted"]
[Result "0-1"]
[WhiteElo "2277"]
[BlackElo "2208"]
[PlyCount "120"]
[EventDate "2016.07.16"]
[EventType "swiss"]
[EventRounds "9"]
[EventCountry "BEL"]
[SourceTitle "CBM 173 Extra"]
[Source "ChessBase"]
[SourceDate "2016.08.29"]
[SourceVersion "1"]
[SourceVersionDate "2016.08.29"]
[SourceQuality "1"]

1. e4 e6 2. d4 d5 3. Nc3 Bb4 4. e5 c5 5. a3 Bxc3+ 6. bxc3 Qa5 7. Bd2 Qa4 8. Qb1 c4 9. Ne2 Ne7 10. g3 Nbc6 11. Bg2 Bd7 12. h4 0-0-0 13. h5 h6 14. 0-0 f6 15. Bf4 f5 16. Qc1 Rdg8 17. Be3 g5 18. hxg6 h5 19. Bg5 Nxg6 20. f4 h4 21. Kf2 hxg3+ 22. Nxg3 Rh2 23. Rh1 Rxh1 24. Bxh1 Rh8 25. Bg2 Be8 26. Qb2 Qa5 27. Rh1 Rxh1 28. Bxh1 Qc7 29. Bg2 a6 30. Ne2 Qh7 31. Kg3 Nf8 32. Bf3 Bh5 33. Bxh5 Qxh5 34. Kf2 Nh7 35. Bf6 Nxf6 36. exf6 Qh4+ 37. Ke3 Qxf6 38. Ng1 Qh6 39. Ne2 Kc7 40. Kd2 Qh1 41. a4 Qh4 42. Qb1 Qh2 43. Qb2 Qh7 44. Qb1 Qe7 45. Qb2 b6 46. Kc1 Qh7 47. Kd2 Qe7 48. Kc1 Na5 49. Kd2 Nb7 50. Kc1 Qh4 51. Kb1 Qf2 52. a5 Nxa5 53. Qa3 Qxe2 54. Qe7+ Kb8 55. Qd8+ Ka7 56. Qc7+ Nb7 57. Kb2 a5 58. Qd7 Qe3 59. Qc6 Qxf4 60. Qxe6 Qe4 0-1

[Event "Delft Prinsenstad op 9th"]
[Site "Delft"]
[Date "2016.03.26"]
[Round "2"]
[White "Van den Doel, Erik"]
[Black "Barendse, Ted"]
[Result "1-0"]
[WhiteElo "2564"]
[BlackElo "2199"]
[PlyCount "59"]
[EventDate "2016.03.25"]
[EventType "swiss"]
[EventRounds "6"]
[EventCountry "NED"]
[SourceTitle "CBM 171 Extra"]
[Source "ChessBase"]
[SourceDate "2016.04.26"]
[SourceVersion "1"]
[SourceVersionDate "2016.04.26"]
[SourceQuality "1"]

1. e4 e6 2. d4 d5 3. Nd2 Nf6 4. e5 Nfd7 5. Ngf3 c5 6. c3 Nc6 7. Bd3 g6 8. h4 h6 9. Bc2 b6 10. Nf1 Ba6 11. Bd3 Bxd3 12. Qxd3 Rc8 13. Ne3 cxd4 14. cxd4 Nb4 15. Qb3 Qc7 16. Bd2 Nc6 17. Rc1 Bg7 18. 0-0 0-0 19. Ng4 h5 20. Nh6+ Kh8 21. Qd3 Ndb8 22. g4 Bxh6 23. Bxh6 hxg4 24. Ng5 Qd7 25. h5 Rg8 26. Kg2 Nb4 27. Qb1 Rxc1 28. Rxc1 Rc8 29. Rxc8+ Qxc8 30. Nxf7+ 1-0

[Event "Ghent Taminco op 37th"]
[Site "Ghent"]
[Date "2014.07.22"]
[Round "8"]
[White "Decoster, Frederic"]
[Black "Barendse, Ted"]
[Result "1-0"]
[WhiteElo "2298"]
[BlackElo "2137"]
[PlyCount "79"]
[EventDate "2014.07.19"]
[EventType "swiss"]
[EventRounds "9"]
[EventCountry "BEL"]
[SourceTitle "CBM 161 Extra"]
[Source "ChessBase"]
[SourceDate "2014.08.29"]
[SourceVersion "1"]
[SourceVersionDate "2014.08.29"]
[SourceQuality "1"]

1. e4 c5 2. Nf3 e6 3. d4 cxd4 4. Nxd4 Nc6 5. Nc3 Qc7 6. Be3 a6 7. Qd2 Nf6 8. 0-0-0 Be7 9. f3 h5 10. Qf2 d6 11. h3 Nxd4 12. Bxd4 b5 13. Bd3 b4 14. Na4 Bb7 15. g4 e5 16. Be3 Rb8 17. Bb6 Qc6 18. b3 Bc8 19. Ba7 Ra8 20. Be3 Be6 21. Nb6 Rb8 22. g5 Nd7 23. Nd5 Bxd5 24. exd5 Qxd5 25. g6 f6 26. Kb1 Bd8 27. f4 Qc6 28. Bc4 Bb6 29. Rhe1 Ke7 30. Bd5 Bxe3 31. Qxe3 Qc5 32. Qf3 Rbc8 33. Re2 a5 34. fxe5 dxe5 35. Qf5 Qb6 36. Bc4 Rhd8 37. Qxh5 Nc5 38. Rde1 Qc7 39. Rxe5+ fxe5 40. Rxe5+ 1-0

[Event "Ghent Taminco op 37th"]
[Site "Ghent"]
[Date "2014.07.21"]
[Round "6"]
[White "Meijers, Viesturs"]
[Black "Barendse, Ted"]
[Result "1-0"]
[WhiteElo "2475"]
[BlackElo "2137"]
[PlyCount "81"]
[EventDate "2014.07.19"]
[EventType "swiss"]
[EventRounds "9"]
[EventCountry "BEL"]
[SourceTitle "CBM 161 Extra"]
[Source "ChessBase"]
[SourceDate "2014.08.29"]
[SourceVersion "1"]
[SourceVersionDate "2014.08.29"]
[SourceQuality "1"]

1. c4 e5 2. b3 Nc6 3. Bb2 f5 4. g3 Nf6 5. Bg2 d6 6. a3 a5 7. e3 g6 8. Ne2 Bg7 9. d4 0-0 10. dxe5 Ng4 11. Nbc3 Ngxe5 12. h4 Ng4 13. Nf4 Nce5 14. Qd2 c6 15. Rd1 a4 16. Nxa4 Nxc4 17. Bd5+ cxd5 18. Qxd5+ Rf7 19. Qxc4 b5 20. Qxb5 Ba6 21. Qb4 Bxb2 22. Nxb2 Rb7 23. Qd2 Ne5 24. Qd5+ Kh8 25. Nbd3 Rb5 26. Nxe5 Qa5+ 27. b4 Rxd5 28. Nexg6+ hxg6 29. bxa5 Rxa5 30. Nxg6+ Kg7 31. Nf4 Rxa3 32. h5 Bb7 33. h6+ Kh7 34. Rh4 Bf3 35. Rc1 Ra1 36. Rxa1 Rxa1+ 37. Kd2 Ra2+ 38. Kc3 Rxf2 39. Ne6 Bd5 40. Ng5+ Kh8 41. Rb4 1-0

[Event "Delft Prinsenstad op-A"]
[Site "Delft"]
[Date "2009.01.03"]
[Round "4"]
[White "Barendse, Ted"]
[Black "Van Helvoort, Rob AM"]
[Result "1/2-1/2"]
[WhiteElo "2088"]
[BlackElo "2196"]
[PlyCount "239"]
[EventDate "2009.01.02"]
[EventType "swiss"]
[EventRounds "6"]
[EventCountry "NED"]
[SourceTitle "EXT 2011"]
[Source "ChessBase"]
[SourceDate "2010.11.26"]
[SourceVersion "1"]
[SourceVersionDate "2010.11.26"]
[SourceQuality "1"]

1. e4 c5 2. Nf3 Nc6 3. d4 cxd4 4. Nxd4 Nf6 5. Nc3 e5 6. Ndb5 d6 7. Bg5 a6 8. Na3 Be6 9. Nc4 Rc8 10. Bxf6 Qxf6 11. Nxd6+ Bxd6 12. Qxd6 Rd8 13. Qc5 Nd4 14. Nd5 Bxd5 15. exd5 b6 16. Qc7 Rd7 17. Qc8+ Rd8 18. Qc7 Rxd5 19. Bd3 0-0 20. 0-0 Rc5 21. Qb7 a5 22. c3 Qc6 23. Qxc6 Nxc6 24. Rad1 Nd8 25. Be4 Ne6 26. g3 b5 27. Bd5 b4 28. c4 Nc7 29. b3 Nxd5 30. Rxd5 Rxd5 31. cxd5 Rc8 32. d6 f6 33. d7 Rd8 34. Rd1 Kf7 35. Rd5 Ke6 36. Rxa5 Rxd7 37. Rb5 Rd2 38. Rxb4 Rxa2 39. Rb7 Rb2 40. Rxg7 Rxb3 41. Rxh7 Kf5 42. Rg7 e4 43. h4 e3 44. fxe3 Rxe3 45. h5 Re8 46. Kg2 Rh8 47. Kf3 Ke6 48. g4 f5 49. Kf4 fxg4 50. Kg5 g3 51. h6 g2 52. Kh5 Kf6 53. Rxg2 Kf7 54. Rf2+ Ke7 55. Rf4 Ke8 56. Ra4 Kf7 57. Ra7+ Kf6 58. h7 Rb8 59. Kh6 Re8 60. Rg7 Re1 61. Rg6+ Kf7 62. h8N+ Ke7 63. Kg7 Re2 64. Rg3 Re1 65. Ng6+ Ke6 66. Rg5 Kd7 67. Rd5+ Kc6 68. Rd2 Re3 69. Kf6 Kc5 70. Ne5 Rh3 71. Ng4 Rh1 72. Ke6 Re1+ 73. Ne5 Re3 74. Rd5+ Kb4 75. Kd6 Rh3 76. Rd1 Rh6+ 77. Kd5 Rh8 78. Nc6+ Kc3 79. Rg1 Rh5+ 80. Ne5 Rh3 81. Rc1+ Kd2 82. Ra1 Rh8 83. Ra2+ Ke3 84. Ra3+ Kd2 85. Kd4 Rh4+ 86. Kd5 Rh8 87. Nc4+ Ke2 88. Ra2+ Kf3 89. Ne5+ Ke3 90. Ra3+ Kd2 91. Rg3 Ra8 92. Kd4 Rd8+ 93. Ke4 Re8 94. Rd3+ Kc2 95. Rd7 Rh8 96. Rc7+ Kb3 97. Kd5 Rh5 98. Rg7 Rh8 99. Nd7 Rh5+ 100. Kc6 Rh6+ 101. Kb5 Rh5+ 102. Nc5+ Kc3 103. Rd7 Kc2 104. Rd4 Rh8 105. Kc4 Rc8 106. Rd7 Rh8 107. Re7 Kd2 108. Ne4+ Ke3 109. Nd6+ Kf3 110. Kd4 Rd8 111. Ke5 Ra8 112. Nc4 Kg4 113. Ne3+ Kf3 114. Nd5 Ra5 115. Rf7+ Ke2 116. Rb7 Kd3 117. Rc7 Kd2 118. Rc4 Ra8 119. Rh4 Kc2 120. Rh3 1/2-1/2

[Event "Delft Prinsenstad op-A"]
[Site "Delft"]
[Date "2008.01.05"]
[Round "4"]
[White "Drozdowski, Kacper"]
[Black "Barendse, Ted"]
[Result "1-0"]
[WhiteElo "2156"]
[BlackElo "2122"]
[PlyCount "177"]
[EventDate "2008.01.04"]
[EventType "swiss"]
[EventRounds "6"]
[EventCountry "NED"]
[SourceTitle "EXT 2010"]
[Source "ChessBase"]
[SourceDate "2010.11.25"]
[SourceVersion "1"]
[SourceVersionDate "2010.11.25"]
[SourceQuality "1"]

1. e4 e5 2. f4 exf4 3. Nf3 g5 4. d4 d6 5. Bc4 Bg7 6. 0-0 h6 7. c3 Ne7 8. Nbd2 0-0 9. Nb3 Nbc6 10. Bd2 Bg4 11. Qe2 Ng6 12. Qf2 Kh8 13. Rae1 Qd7 14. h3 Bh5 15. Nh2 Rae8 16. Bd3 a6 17. Nc1 Nce7 18. g4 fxg3 19. Qxg3 Nh4 20. Bxg5 hxg5 21. Qxg5 Qxh3 22. Qxh5+ Kg8 23. Qg4 Qxg4+ 24. Nxg4 Nhg6 25. Ne2 c5 26. Nf6+ Bxf6 27. Rxf6 cxd4 28. cxd4 d5 29. e5 Kg7 30. Ref1 Nc6 31. Bb1 Ngxe5 32. dxe5 Rxe5 33. Ng3 Rg5 34. Kg2 Nd4 35. Bd3 Ne6 36. R6f3 Nd4 37. Rf4 Ne6 38. Rf5 Rxf5 39. Nxf5+ Kf6 40. Nd4+ Ke5 41. Nxe6 Rg8+ 42. Ng7 Rxg7+ 43. Kf3 f5 44. Re1+ Kf6 45. Ke3 Rg4 46. Rf1 d4+ 47. Ke2 Rg5 48. Be4 b6 49. Bb7 Ke5 50. Bxa6 Rg2+ 51. Rf2 Rg1 52. Bd3 f4 53. Rh2 Rg5 54. a4 Kd5 55. b4 Re5+ 56. Kd2 f3 57. Rf2 Re3 58. a5 bxa5 59. bxa5 Kc5 60. a6 Kb6 61. Rh2 Re7 62. Rh3 Rf7 63. Ke1 f2+ 64. Kf1 Kc5 65. Rh5+ Kb4 66. Rf5 Ra7 67. Kxf2 Kc3 68. Rf3 Kd2 69. Bf1 Kc2 70. Ke1 Kb2 71. Rd3 Rd7 72. Kd2 Rd6 73. Rg3 Rc6 74. Bd3 Rc1 75. Rg4 Ra1 76. Rxd4 Kb3 77. Bb5 Ra5 78. Bd3 Ra2+ 79. Ke3 Kc3 80. Rf4 Ra5 81. Rg4 Re5+ 82. Re4 Ra5 83. Re6 Kb3 84. Kd4 Ra4+ 85. Kc5 Kc3 86. Bb5 Ra1 87. Kb6 Kd4 88. a7 Kd5 89. Rh6 1-0

[Event "Dieren op"]
[Site "Dieren"]
[Date "2007.07.25"]
[Round "2"]
[White "Nederlof, Jesper"]
[Black "Barendse, Ted"]
[Result "0-1"]
[WhiteElo "2090"]
[BlackElo "2219"]
[PlyCount "48"]
[EventDate "2007.07.24"]
[EventType "swiss"]
[EventRounds "9"]
[EventCountry "NED"]
[SourceTitle "CBM 119 Extra"]
[Source "ChessBase"]
[SourceDate "2007.09.04"]
[SourceVersion "1"]
[SourceVersionDate "2007.09.04"]
[SourceQuality "1"]

1. d4 Nf6 2. Nc3 d5 3. Bg5 Nbd7 4. e3 e6 5. Qf3 c5 6. 0-0-0 Qa5 7. Kb1 a6 8. Nge2 Be7 9. g4 0-0 10. h4 b5 11. Bxf6 Nxf6 12. g5 Nd7 13. Nf4 Ra7 14. Rg1 b4 15. Nce2 c4 16. h5 c3 17. g6 fxg6 18. Bh3 Nb6 19. hxg6 h6 20. Qh5 Nc4 21. Nc1 cxb2 22. Ncd3 Rc7 23. Nc5 Bxc5 24. Nxe6 Na3+ 0-1

[Event "Dieren op"]
[Site "Dieren"]
[Date "2007.07.24"]
[Round "1"]
[White "Barendse, Ted"]
[Black "Van Vliet, Harry"]
[Result "1/2-1/2"]
[WhiteElo "2219"]
[BlackElo "2023"]
[PlyCount "38"]
[EventDate "2007.07.24"]
[EventType "swiss"]
[EventRounds "9"]
[EventCountry "NED"]
[SourceTitle "CBM 119 Extra"]
[Source "ChessBase"]
[SourceDate "2007.09.04"]
[SourceVersion "1"]
[SourceVersionDate "2007.09.04"]
[SourceQuality "1"]

1. e4 e5 2. Nf3 Nc6 3. Bb5 a6 4. Ba4 Nf6 5. 0-0 Nxe4 6. d4 b5 7. Bb3 d5 8. dxe5 Be6 9. Nbd2 Nc5 10. c3 d4 11. Ng5 Qxg5 12. Qf3 0-0-0 13. Qxc6 Qxe5 14. Nf3 Qd6 15. Nxd4 Qxc6 16. Nxc6 Rd6 17. Bxe6+ Rxe6 18. Nd4 Re4 19. b3 g6 1/2-1/2

[Event "Dieren op"]
[Site "Dieren"]
[Date "2004.08.02"]
[Round "6"]
[White "Cako, Laszlo"]
[Black "Barendse, Ted"]
[Result "1-0"]
[WhiteElo "2119"]
[BlackElo "2201"]
[PlyCount "63"]
[EventDate "2004.07.27"]
[EventType "swiss"]
[EventRounds "9"]
[EventCountry "NED"]
[SourceTitle "CBM 101 Extra"]
[Source "ChessBase"]
[SourceDate "2004.09.01"]
[SourceVersion "2"]
[SourceVersionDate "2004.09.01"]
[SourceQuality "1"]

1. e4 e6 2. d4 d5 3. Nc3 Nf6 4. Bg5 Bb4 5. e5 h6 6. Bd2 Bxc3 7. bxc3 Ne4 8. Qg4 Kf8 9. h4 c5 10. Rh3 Nc6 11. Bd3 Nxd2 12. Kxd2 c4 13. Be2 b5 14. Qf4 Bd7 15. Bh5 Be8 16. Rf3 Qe7 17. Ne2 a5 18. a3 Ra7 19. Qg4 Kg8 20. Rg3 Rh7 21. f4 Bd7 22. Qf3 Qxh4 23. f5 exf5 24. Bxf7+ Kxf7 25. Qxd5+ Ke7 26. Qg8 f4 27. Rf1 Bf5 28. Rxf4 Qh5 29. Rgf3 Bg6 30. Qf8+ Kd7 31. Qd6+ Kc8 32. Qxc6+ 1-0

[Event "Dieren op"]
[Site "Dieren"]
[Date "2004.07.30"]
[Round "4"]
[White "Hoeksema, Hendrik Pieter"]
[Black "Barendse, Ted"]
[Result "1-0"]
[WhiteElo "2405"]
[BlackElo "2201"]
[PlyCount "57"]
[EventDate "2004.07.27"]
[EventType "swiss"]
[EventRounds "9"]
[EventCountry "NED"]
[SourceTitle "CBM 101 Extra"]
[Source "ChessBase"]
[SourceDate "2004.09.01"]
[SourceVersion "2"]
[SourceVersionDate "2004.09.01"]
[SourceQuality "1"]

1. Nf3 d5 2. c4 e6 3. d4 Nf6 4. Nc3 Be7 5. Bg5 0-0 6. e3 h6 7. Bh4 b6 8. Bd3 Bb7 9. 0-0 Nbd7 10. Bg3 dxc4 11. Bxc4 Nh5 12. Qb3 a6 13. Rad1 Nxg3 14. hxg3 Nf6 15. Rfe1 Ne4 16. Bd3 Nxc3 17. Qxc3 Qc8 18. Bb1 g6 19. Ne5 c5 20. Qc2 Bf6 21. Nxg6 fxg6 22. Qxg6+ Bg7 23. Qh7+ Kf7 24. Bg6+ Kf6 25. Bh5 Bh8 26. e4 e5 27. dxe5+ Kxe5 28. Qe7+ Qe6 29. f4+ 1-0

[Event "Dieren op"]
[Site "Dieren"]
[Date "2004.07.27"]
[Round "1"]
[White "Barendse, Ted"]
[Black "Savchenko, Stanislav"]
[Result "0-1"]
[WhiteElo "2201"]
[BlackElo "2521"]
[PlyCount "60"]
[EventDate "2004.07.27"]
[EventType "swiss"]
[EventRounds "9"]
[EventCountry "NED"]
[SourceTitle "CBM 101 Extra"]
[Source "ChessBase"]
[SourceDate "2004.09.01"]
[SourceVersion "2"]
[SourceVersionDate "2004.09.01"]
[SourceQuality "1"]

1. e4 c5 2. Nf3 d6 3. d4 cxd4 4. Qxd4 a6 5. c4 Nc6 6. Qd2 g6 7. b3 Bg7 8. Bb2 Nf6 9. Nc3 0-0 10. h3 Qa5 11. Bd3 b5 12. cxb5 axb5 13. Nxb5 Nb4 14. Bc3 Nxd3+ 15. Qxd3 Qb6 16. 0-0 Ba6 17. a4 Rab8 18. Nfd4 e5 19. Nf3 Bxb5 20. axb5 Qxb5 21. Qxb5 Rxb5 22. Nd2 Rc8 23. Rfc1 Bh6 24. f3 Rbc5 25. Nc4 Bxc1 26. Rxc1 Rb8 27. Nd2 d5 28. exd5 Nxd5 29. Bb2 Rxc1+ 30. Bxc1 f6 0-1

[Event "Corus-C"]
[Site "Wijk aan Zee"]
[Date "2004.01.25"]
[Round "13"]
[White "Barendse, Ted"]
[Black "Pavlovic, Milos"]
[Result "0-1"]
[WhiteElo "2206"]
[BlackElo "2548"]
[PlyCount "92"]
[EventDate "2004.01.10"]
[EventType "tourn"]
[EventRounds "13"]
[EventCountry "NED"]
[EventCategory "9"]
[SourceTitle "CBM 099"]
[Source "ChessBase"]
[SourceDate "2004.03.30"]
[SourceVersion "1"]
[SourceVersionDate "2004.03.30"]
[SourceQuality "1"]

1. e4 c5 2. Nf3 Nc6 3. d4 cxd4 4. Nxd4 Nf6 5. Nc3 d6 6. Bg5 Bd7 7. Be2 Qa5 8. Bxf6 gxf6 9. 0-0 Nxd4 10. Qxd4 Rc8 11. Kh1 Qc5 12. Qd2 Bg7 13. Bd3 e6 14. f4 h5 15. Qe2 Kf8 16. f5 Qe5 17. Rae1 h4 18. h3 Rg8 19. Qf2 Bh6 20. fxe6 Bxe6 21. Qxf6 Bd2 22. Rb1 Qxf6 23. Rxf6 Ke7 24. Rf3 Bxc3 25. bxc3 b6 26. a4 Rg5 27. Rb5 Re5 28. Kg1 Rxc3 29. Kf2 Bd7 30. Rb3 Rec5 31. Rb4 Ra3 32. Rf4 Rxa4 33. e5 Rxb4 34. exd6+ Kxd6 35. Rxb4 Rh5 36. Rd4+ Ke7 37. Rc4 a5 38. Rc7 a4 39. Be2 Rc5 40. Rb7 Rxc2 41. Ke3 Rc5 42. Kd4 a3 43. Rxb6 a2 44. Ra6 Rc2 45. Bf3 Be6 46. Be4 Rc1 0-1

[Event "Corus-C"]
[Site "Wijk aan Zee"]
[Date "2004.01.24"]
[Round "12"]
[White "Peng, Zhaoqin"]
[Black "Barendse, Ted"]
[Result "1-0"]
[WhiteElo "2419"]
[BlackElo "2206"]
[PlyCount "65"]
[EventDate "2004.01.10"]
[EventType "tourn"]
[EventRounds "13"]
[EventCountry "NED"]
[EventCategory "9"]
[SourceTitle "CBM 099"]
[Source "ChessBase"]
[SourceDate "2004.03.30"]
[SourceVersion "1"]
[SourceVersionDate "2004.03.30"]
[SourceQuality "1"]

1. d4 Nf6 2. c4 c5 3. d5 g6 4. Nc3 Bg7 5. e4 d6 6. Nf3 0-0 7. h3 e6 8. Bd3 Re8 9. 0-0 Na6 10. Bg5 h6 11. Be3 exd5 12. exd5 Nb4 13. Bb1 Bd7 14. a3 Na6 15. Qd2 Kh7 16. Bd3 Nc7 17. Bf4 Qe7 18. Bh2 Rad8 19. b4 b6 20. Rab1 Bc8 21. bxc5 bxc5 22. Qc2 Qd7 23. Nd2 Re7 24. Nb3 Ba6 25. Na5 Ree8 26. Nc6 Ra8 27. Rfd1 Nfxd5 28. cxd5 Nxd5 29. Nxd5 Bxd3 30. Qxd3 Qxc6 31. Qf3 Qd7 32. Rb7 Qe6 33. Bg3 1-0

[Event "Corus-C"]
[Site "Wijk aan Zee"]
[Date "2004.01.23"]
[Round "11"]
[White "Barendse, Ted"]
[Black "Carlsen, Magnus"]
[Result "0-1"]
[WhiteElo "2206"]
[BlackElo "2484"]
[PlyCount "58"]
[EventDate "2004.01.10"]
[EventType "tourn"]
[EventRounds "13"]
[EventCountry "NED"]
[EventCategory "9"]
[SourceTitle "CBM 099"]
[Source "ChessBase"]
[SourceDate "2004.03.30"]
[SourceVersion "1"]
[SourceVersionDate "2004.03.30"]
[SourceQuality "1"]

1. e4 c5 2. Nf3 d6 3. d4 cxd4 4. Nxd4 Nf6 5. Nc3 g6 6. Be3 Bg7 7. f3 0-0 8. Qd2 Nc6 9. Bc4 Bd7 10. 0-0-0 Qa5 11. Bb3 Rfc8 12. g4 Ne5 13. Kb1 b5 14. Nd5 Qxd2 15. Rxd2 Nxd5 16. exd5 a5 17. a3 Rab8 18. c3 b4 19. axb4 axb4 20. cxb4 Rxb4 21. Rf1 Bb5 22. Rff2 Nd3 23. Nxb5 Rxb3 24. Nd4 Bxd4 25. Bxd4 Nxf2 26. Rxf2 Rd3 27. Bc3 Rcxc3 28. bxc3 Rxc3 29. Re2 Kf8 0-1

[Event "Corus-C"]
[Site "Wijk aan Zee"]
[Date "2004.01.14"]
[Round "4"]
[White "Barendse, Ted"]
[Black "Gagunashvili, Merab"]
[Result "0-1"]
[WhiteElo "2206"]
[BlackElo "2583"]
[PlyCount "76"]
[EventDate "2004.01.10"]
[EventType "tourn"]
[EventRounds "13"]
[EventCountry "NED"]
[EventCategory "9"]
[SourceTitle "CBM 099"]
[Source "ChessBase"]
[SourceDate "2004.03.30"]
[SourceVersion "1"]
[SourceVersionDate "2004.03.30"]
[SourceQuality "1"]

1. e4 e5 2. Nf3 Nc6 3. Bb5 a6 4. Ba4 Nf6 5. 0-0 Be7 6. Bxc6 dxc6 7. Qe1 Nd7 8. b3 c5 9. Bb2 f6 10. c3 Nf8 11. d4 exd4 12. cxd4 Bg4 13. Nbd2 cxd4 14. Nxd4 Ne6 15. Nxe6 Bxe6 16. Rd1 0-0 17. Nf3 Qe8 18. Nd4 Bd7 19. Qc3 Bd6 20. Qf3 Qe5 21. g3 Rae8 22. Rfe1 Bh3 23. Bc3 Qg5 24. Qe3 Qh5 25. Nc2 Rf7 26. Bb4 f5 27. Bxd6 cxd6 28. Rxd6 fxe4 29. Red1 Qa5 30. Qd2 Qxa2 31. Qc3 e3 32. fxe3 Ref8 33. Rd8 Be6 34. b4 Bh3 35. Qc5 Qe6 36. Rxf8+ Rxf8 37. Na3 b5 38. Nb1 Qe4 0-1

[Event "NED-ch53 sf"]
[Site "Enschede"]
[Date "1998.01.07"]
[Round "5"]
[White "Kool, Gerard J"]
[Black "Barendse, Ted"]
[Result "0-1"]
[WhiteElo "2185"]
[BlackElo "2240"]
[PlyCount "64"]
[EventDate "1998.01.03"]
[EventType "swiss"]
[EventRounds "9"]
[EventCountry "NED"]
[SourceTitle "CBM 062 Extra"]
[Source "ChessBase"]
[SourceDate "1998.03.09"]
[SourceVersion "1"]
[SourceVersionDate "1998.03.09"]
[SourceQuality "1"]

1. b4 e5 2. Bb2 Bxb4 3. Bxe5 Nf6 4. Nf3 0-0 5. e3 Re8 6. Be2 d5 7. Bb2 Nc6 8. 0-0 Bg4 9. d3 Qe7 10. Nbd2 Rad8 11. a3 Ba5 12. Rc1 Nh5 13. h3 Bc8 14. Nd4 Nxd4 15. Bxh5 Nf5 16. e4 Nh4 17. f4 dxe4 18. Nxe4 Nf5 19. Qf3 Nd4 20. Qf2 g6 21. Bd1 f5 22. Nd2 Bb6 23. Kh1 Nb3 24. Qg3 Nxd2 25. Bh5 Nxf1 26. Rxf1 Bd4 27. c3 Bg7 28. Bf3 Rxd3 29. h4 Bd7 30. h5 Qe6 31. Qf2 Rxf3 32. Qxf3 Bc6 0-1

[Event "Manresa op"]
[Site "Manresa"]
[Date "1998.??.??"]
[Round "?"]
[White "Barendse, Ted"]
[Black "Campos Moreno, Javier B"]
[Result "0-1"]
[WhiteElo "2240"]
[BlackElo "2490"]
[PlyCount "108"]
[EventDate "1998.??.??"]
[EventType "swiss"]
[EventRounds "9"]
[EventCountry "ESP"]
[SourceTitle "EXT 2003"]
[Source "ChessBase"]
[SourceDate "2002.11.25"]
[SourceVersion "1"]
[SourceVersionDate "2002.11.25"]
[SourceQuality "1"]

1. e4 c5 2. Nc3 Nc6 3. Nge2 d6 4. d4 cxd4 5. Nxd4 Nf6 6. Bg5 e6 7. Qd3 Be7 8. 0-0-0 0-0 9. f4 Nxd4 10. Qxd4 Qa5 11. Bc4 Bd7 12. e5 dxe5 13. fxe5 Bc6 14. Bd2 Nd7 15. Nd5 Qc5 16. Nxe7+ Qxe7 17. Rhe1 Rfd8 18. Qg4 Nf8 19. Bd3 Rxd3 20. cxd3 Qd7 21. Kb1 Qxd3+ 22. Ka1 Ng6 23. Bb4 Qb5 24. Bd6 Bd5 25. g3 Qa5 26. a3 Qb6 27. Qb4 Qxb4 28. Bxb4 h5 29. Rc1 Bc6 30. Kb1 Rd8 31. Kc2 h4 32. Rcd1 Bd5 33. b3 Kh7 34. Kb2 Rd7 35. Bc5 b6 36. Bb4 a5 37. Bc3 hxg3 38. hxg3 Ne7 39. Re2 Kg6 40. Be1 Nc6 41. Bf2 Kf5 42. Be1 b5 43. b4 axb4 44. Bxb4 Nxe5 45. Rxe5+ Kxe5 46. Bc3+ Kf5 47. Bxg7 f6 48. Bf8 e5 49. Bb4 Ke6 50. Be1 Rg7 51. Kc3 Rg4 52. Bf2 Ra4 53. Kb2 b4 54. Bc5 Rxa3 0-1

[Event "Montecatini Terme op"]
[Site "Montecatini Terme"]
[Date "1997.08.07"]
[Round "7"]
[White "Satta, Vladimiro"]
[Black "Barendse, Ted"]
[Result "1-0"]
[WhiteElo "2230"]
[BlackElo "2200"]
[PlyCount "83"]
[EventDate "1997.11.??"]
[EventType "swiss"]
[EventRounds "9"]
[EventCountry "ITA"]
[SourceTitle "EXT 1999"]
[Source "ChessBase"]
[SourceDate "1998.11.16"]
[SourceVersion "1"]
[SourceVersionDate "1998.11.16"]
[SourceQuality "1"]

1. e4 e6 2. d4 d5 3. Nd2 Nf6 4. e5 Nfd7 5. Bd3 c5 6. c3 Nc6 7. Ne2 Qb6 8. Nf3 cxd4 9. cxd4 f6 10. exf6 Nxf6 11. 0-0 Bd6 12. Nc3 0-0 13. Bg5 Kh8 14. Na4 Qc7 15. Bh4 Nh5 16. Rc1 g6 17. Re1 Bd7 18. Nc5 Rae8 19. Nxd7 Qxd7 20. Ne5 Bxe5 21. dxe5 Qg7 22. Bb5 Rf4 23. Bxc6 bxc6 24. g3 Rb4 25. b3 Qb7 26. Rc5 Kg8 27. Qc2 Rc8 28. Rc1 Rb6 29. Bg5 Qf7 30. Be3 Ng7 31. Ra5 Rb7 32. Qc5 Rcc7 33. Ra6 Nf5 34. Rxc6 Rd7 35. Rc8+ Kg7 36. Bg5 d4 37. Bf6+ Kh6 38. g4 Ne7 39. Qc2 g5 40. Qd3 Ng6 41. Qh3+ Nh4 42. f4 1-0

[Event "Montecatini Terme op"]
[Site "Montecatini Terme"]
[Date "1997.08.05"]
[Round "5"]
[White "Lanzani, Mario"]
[Black "Barendse, Ted"]
[Result "1-0"]
[WhiteElo "2360"]
[BlackElo "2200"]
[PlyCount "83"]
[EventDate "1997.11.??"]
[EventType "swiss"]
[EventRounds "9"]
[EventCountry "ITA"]
[SourceTitle "EXT 1999"]
[Source "ChessBase"]
[SourceDate "1998.11.16"]
[SourceVersion "1"]
[SourceVersionDate "1998.11.16"]
[SourceQuality "1"]

1. e4 e6 2. d4 d5 3. Nc3 Bb4 4. e5 c5 5. a3 Bxc3+ 6. bxc3 Ne7 7. Nf3 Bd7 8. a4 Qa5 9. Bd2 Nbc6 10. Be2 c4 11. Ng5 h6 12. Nh3 0-0-0 13. 0-0 Kb8 14. Nf4 g6 15. h4 Nc8 16. h5 g5 17. Nh3 Rdg8 18. f4 gxf4 19. Rxf4 Be8 20. Rf6 Nb6 21. Qe1 Nxa4 22. Nf2 Ne7 23. g4 b5 24. Nd1 Qb6 25. Qf2 a5 26. Rb1 Kc8 27. Rxh6 Rxh6 28. Bxh6 b4 29. cxb4 Nf5 30. Be3 f6 31. Kh1 Nxe3 32. Qxe3 fxe5 33. Qxe5 axb4 34. g5 Kd7 35. g6 Qd8 36. Rxb4 Nb6 37. Nf2 Bxg6 38. hxg6 Rxg6 39. Qh5 Rg5 40. Qf7+ Kc6 41. Qxe6+ Kb7 42. Rxb6+ 1-0